000 00857nas a2200253 4500
001 BR8400942
003 BR-BrBNA
005 20231205085814.0
007 ta
008 230509b bl.|||p| |||| 00| 00por d
040 _aBR-BrBNA
_bpor
_cBiblioteca Nacional de Agricultura
041 _a(Pt)
072 _aF60
100 1 _aEira, M.T.S.
245 1 _aComparacao de metodos de quebra de dormencia em sementes de capim andropogon [Andropogon gayanus]
246 1 _aComparison of methods for overcoming seed dormancy in Andropogon grass [Andropogon gayanus]
650 _aCAPIM ANDROPOGON
650 _aGERMINACAO
650 _aSEMENTE
650 _aQUEBRA DA DORMENCIA
773 0 _tRevista Brasileira de Sementes (Brazil)
_xISSN 0101-3122
_g(1983), v. 5(3) p. 37-49
_wBR8400942
909 _a202311
_bLúcia
_c55
_dLúcia Elande
942 _2AGRIS
_n0
_cANA
999 _c113941
_d113941